000 00652nam a22001937a 4500
001 BD-DhSAU 10282
003 BD-DhSAU
005 20150627090808.0
008 150627b1960 bg ||||r|||| 000 0 ben d
040 _aBD-DhSAU
082 _222
_a---
_bমনিক
100 _aমনিরুজ্জামান, মোহাম্মদ
245 _aকবি আলাউল /
_cমোহাম্মদ মনিরুজ্জামান
260 _aঢাকা :
_bবাংলা একাডেমী,
_c১৯৬০.
300 _a৪৭ পৃ. :
_c২১ সেমি
590 _ajoy
650 _aজীবনী
942 _2ddc
_cBOOK
999 _c10282
_d10281